| 000 | 00573nam a22001937a 4500 | ||
|---|---|---|---|
| 999 |
_c859 _d859 |
||
| 003 | AR-CdUCM | ||
| 008 | 190225b ||||| |||| 00| 0 spa d | ||
| 040 |
_aMUNICIPALIDAD PROVINCIAL DEL CUSCO _cBIBLIOTECA MUNICIPAL DEL CUSCO |
||
| 082 |
_a869.56 / _bES93 |
||
| 100 |
_aEstremadoyro, José M. _93288 |
||
| 245 | _aEl valle caliente / | ||
| 260 |
_aLima : _bTipografia Venus S.A. Editores, _c1971. |
||
| 300 |
_a207 páginas ; _c21 cm. |
||
| 650 |
_aArequipa. _91703 |
||
| 650 |
_aLiteratura. _983 |
||
| 650 |
_aPerú. _935 |
||
| 942 |
_2ddc _cLIBROS |
||
| 945 |
_amvr _d2019-02-25 |
||